Statistiche per Riconosci lo Stato - Quiz n°149

Clicka qui per fare il quiz!

Statistiche generali

  • Questo quiz è stato fatto 4 volte
  • Il punteggio medio è 10 su 12

Statistiche sulle risposte

IndizioRisposta% Corretto
Superficie581 726 km²
100%
Indipendenzadal Regno Unito il 30 settembre 1966
100%
Fuso OrarioUTC+2
100%
ISU0,750
75%
Tasso di crescita1,477%
75%
PIL (nominale)15 275 milioni di $
75%
Popolazione2 254 068 ab.
75%
RispostaBotswana
75%
Iniziale della CapitaleG
75%
Presidente della RepubblicaMokgweetsi Masisi
75%
ValutaPula
75%
Forma di GovernoRepubblica parlamentare mista
75%

Distribuzione punteggi

Percentile per numero di risposta

Percentuale di utenti per punteggio

I tuoi punteggi nel tempo

Non hai fatto questo quiz